Eesti kaitseväe auastmed - Statistics

General Stats
  • This quiz has been taken 23 times
  • The average score is 17 of 21
Answer Stats
Hint Answer % Correct
mjr major
100%
kpt kapten
100%
kin kindral
91%
kin-ltn kindralleitnant
91%
kin-mjr kindralmajor
91%
kol kolonel
91%
ltn leitnant
91%
kol-ltn kolonelleitnant
82%
n-ltn nooremleitnant
82%
rms reamees
82%
kpr kapral
73%
lpn lipnik
73%
n-srs nooremseersant
73%
n-vbl nooremveebel
73%
srs seersant
73%
v-srs vanemseersant
73%
v-vbl vanemveebel
73%
vbl veebel
73%
brg-kin brigaadikindral
64%
ü-vbl ülemveebel
64%
st-vbl staabiveebel
55%
No matching quizzes found
Score Distribution
Percent of People with Each Score
Percentile by Number Answered
Your Score History
You have not taken this quiz